00838nam a2200157Ia 4500008004100000020001500041082002000056100003300076245008600109260004700195300002200242500006500264505027200329650004200601700003700643120622s9999 xx 000 0 und d a9701038355 a004bM366la v.2 aMartinell, Alberto R.eautor aLaboratorio de informática 2c / Alberto R. Martinell ; Francisco de la Torre Z aMéxicob : McGraw Hill / Interamericana avi, 162 páginas aIncluye: conclusiones ; prácticas ; evaluación formativa aVirus informáticos.- Administrador de presentaciones.- Funciones de un programa de aplicación de gráficos.- Aplicación de las funciones de un programa de edición de gráficos.- Bases de datos.- Bases de datos por medio de un procesador de palabras y de una14aINFORMÁTICA xESTUDIO Y ENSEÑANZA aTorre A., Francisco de laeautor